| 000 | 00614nam a2200169 4500 | ||
|---|---|---|---|
| 008 | 01996 1993 0a 000 0MEX | ||
| 020 | _a970-10-0258-X | ||
| 050 | _aQA76.9 D35 C136 | ||
| 082 | _a001.642 C122e | ||
| 100 | _aCairó, Osvaldo | ||
| 245 | _aEstructura de Datos / Osvaldo Cairó | ||
| 260 | _aMéxico: McGraw-Hill | ||
| 300 | _axvi, 425 p. / 24 cm. | ||
| 500 | _aIncluye presentación, glosario, índice y bibliografía. | ||
| 650 | _a1. ESTRUCTURAS DE DATOS (COMPUTACION) \ 2. PROCESAMIENTO ELECTRONICO DE DATOS | ||
| 700 | _aGuardati Buemo, Silvia, Coaut. \ Samchez Corona, Octavio, Coaut. | ||
| 999 |
_c11997 _d11997 |
||